Proyección laboral y profesional (Registro nro. 43470)
[ vista simple ]
| 000 -ENCABEZADO | |
|---|---|
| Número de control [NR] | 00717nam a2200205Ia 4500 |
| 005 - FECHA Y HORA DE LA ÚLTIMA TRANSACCIÓN | |
| control field | 20161004142523.0 |
| 008 - DE LONGITUD FIJA DE DATOS DE ELEMENTOS - INFORMACIÓN GENERAL | |
| Elementos de longitud fija [NR] | 161004b ck ||||g |||| 00| 0 spa d |
| 040 ## - FUENTE DE CATALOGACION [NR] | |
| Agencia de catalogación original [NR] | CO-BoUCM |
| Quien Cataloga | Sandra Palacio (modificó) |
| Quien Clasifica | Sandra Palacio (modificó) |
| 041 0# - CODIGO DE IDIOMA [R] | |
| Código de idioma para texto/pista de sonido o título separado [R] | Español |
| 092 ## - SIGNATURA TOPOGRAFICA LOCAL | |
| Número de clasificación local | DVD 1574 |
| 111 ## - ASIENTO PRINCIPAL--NOMBRE DE REUNION [NR] | |
| Lugar de la reunión [NR] | Proyección laboral y profesional |
| Fecha de la reunión [NR] | 18 de marzo de 2002 |
| 9 (RLIN) | 80791 |
| 245 00 - MENCION DE TITULO [NR] | |
| Título [NR] | Proyección laboral y profesional |
| Mención de responsabilidad, etc. [NR] | Juan Carlos Mejía conferencista |
| 260 ## - PUBLICACION, DISTRIBUCION, ETC. (PIE DE IMPRENTA) [R] | |
| Lugar de publicación, distribución, etc. [R] | Bogotá (Colombia) |
| Nombre del editor, distribuidor, etc. [R] | Universidad del Rosario |
| Fecha de publicación, distribución, etc. [R] | 2002 |
| 300 ## - DESCRIPCION FISICA [R] | |
| Extensión [R] | DVD |
| 650 #7 - ASIENTO SECUNDARIO DE MATERIA - TERMINO TEMATICO [R] | |
| 9 (RLIN) | 14084 |
| Término temático o nombre geográfico como elemento de entrada [NR] | Empleo |
| 650 #7 - ASIENTO SECUNDARIO DE MATERIA - TERMINO TEMATICO [R] | |
| Término temático o nombre geográfico como elemento de entrada [NR] | Personal profesional |
| 9 (RLIN) | 80792 |
| 650 #7 - ASIENTO SECUNDARIO DE MATERIA - TERMINO TEMATICO [R] | |
| Término temático o nombre geográfico como elemento de entrada [NR] | Profesiones |
| Subdivisión general [R] | Proyección |
| 9 (RLIN) | 80793 |
| 690 ## - ASUNTO AGREGADO LOCAL DE ENTRADA - TÉRMINO TEMÁTICO (OCLC, RLIN) | |
| Acceso temático local | Economía del trabajo |
| 9 (RLIN) | 26481 |
| 942 ## - ELEMENTOS DE ENTRADA AGREGADOS (KOHA) | |
| Source of classification or shelving scheme | LOCAL |
| Tema principal | Educación |
| Koha item type | Multimedia |
| Suprimido | Perdido | Dañado | No prestable | Tipo de ítem específico | Ubicación habitual | Ubicación actual | Localización | Fecha de creación | Proveedor | Forma de adquisición | Costo | Total préstamos | Signatura topográfica | Código de barras | Última vez visto | Ejemplar | Costo de reposición | Price effective from | Tipo de ítem |
|---|---|---|---|---|---|---|---|---|---|---|---|---|---|---|---|---|---|---|---|
| DVD | Claustro | Claustro | Colección digital | 03/10/2016 | 12 | Donación | 0.00 | DVD 1574 | 100151131 | 10/12/2024 | Ej.2 | 26000.00 | 03/10/2016 | Multimedia | |||||
| Préstamo restringido | DVD | Procesos Técnicos (no para préstamo) | Procesos Técnicos (no para préstamo) | Procesos Técnicos | 23/09/2016 | 12 | Donación | 0.00 | DVD 1574 | 100150959 | 09/12/2025 | Ej.1 | 26000.00 | 23/09/2016 | Multimedia |